书目信息 |
| 题名: |
吸猫日记
|
|
| 作者: | 克查 著 | |
| 分册: | ||
| 出版信息: | 北京 电子工业出版社 2020 |
|
| 页数: | 229页 | |
| 开本: | 23cm | |
| 丛书名: | ||
| 单 册: | ||
| 中图分类: | J419.5 , J419 | |
| 科图分类: | ||
| 主题词: | 猫--艺术摄影--摄影技术 | |
| 电子资源: | ||
| ISBN: | 978-7-121-38412-7 | |
| 000 | 00774nam0 2200229 450 | |
| 001 | 2359298857 | |
| 005 | 20231130162825.18 | |
| 010 | @a978-7-121-38412-7@dCNY99.00 | |
| 100 | @a20200622d2020 em y0chiy50 ea | |
| 101 | 0 | @achi |
| 102 | @aCN@b110000 | |
| 105 | @aa z 000yy | |
| 200 | 1 | @a吸猫日记@Axi mao ri ji@e猫咪应该这样拍@f克查著 |
| 210 | @a北京@c电子工业出版社@d2020 | |
| 215 | @a229页@c彩图@d23cm | |
| 330 | @a本书介绍了猫咪的拍摄技巧。全书共分八章,内容包括:聊聊拍猫那点事儿、如何接近猫、猫与光影、猫咪摄影构图、拍摄猫咪的极致美瞳、拍摄梦幻散景、如何拍摄黑色精灵、猫咪摄影作品欣赏。 | |
| 606 | 0 | @a猫@x艺术摄影@x摄影技术 |
| 690 | @aJ419.5@v5 | |
| 690 | @aJ419@v4 | |
| 701 | 0 | @a克查@Ake cha@4著 |
| 801 | 0 | @aCN@b山东中教@c20231126 |
| 905 | @aBZT@dJ419@e6 | |
| 吸猫日记:猫咪应该这样拍/克查著.-北京:电子工业出版社,2020 |
| 229页:彩图;23cm |
| ISBN 978-7-121-38412-7:CNY99.00 |
| 本书介绍了猫咪的拍摄技巧。全书共分八章,内容包括:聊聊拍猫那点事儿、如何接近猫、猫与光影、猫咪摄影构图、拍摄猫咪的极致美瞳、拍摄梦幻散景、如何拍摄黑色精灵、猫咪摄影作品欣赏。 |
| ● |
| 相关链接 |
|
|
|
正题名:吸猫日记
索取号:J419/6
 
预约/预借
| 序号 | 登录号 | 条形码 | 馆藏地/架位号 | 状态 | 备注 |
| 1 | 2001161119 | 2001161119 | 中教(第二批第二书库)/山东中教(第二批)/770/ [索取号:J419/6] | 在馆 | |
| 2 | 2001161120 | 2001161120 | 中教(第二批第二书库)/山东中教(第二批)/770/ [索取号:J419/6] | 在馆 | |
| 3 | 2001161121 | 2001161121 | 中教(第二批第二书库)/山东中教(第二批)/770/ [索取号:J419/6] | 在馆 | |
| 4 | 2001161122 | 2001161122 | 中教(第二批第二书库)/山东中教(第二批)/770/ [索取号:J419/6] | 在馆 | |
| 5 | 2001161123 | 2001161123 | 中教(第二批第二书库)/山东中教(第二批)/770/ [索取号:J419/6] | 在馆 | |
| 6 | 2001161124 | 2001161124 | 中教(第二批第二书库)/山东中教(第二批)/770/ [索取号:J419/6] | 在馆 | |
| 7 | 2001161125 | 2001161125 | 中教(第二批第二书库)/山东中教(第二批)/770/ [索取号:J419/6] | 在馆 | |
| 8 | 2001161126 | 2001161126 | 中教(第二批第二书库)/山东中教(第二批)/770/ [索取号:J419/6] | 在馆 | |
| 9 | 2001161127 | 2001161127 | 中教(第二批第二书库)/山东中教(第二批)/770/ [索取号:J419/6] | 在馆 | |
| 10 | 2001161128 | 2001161128 | 中教(第二批第二书库)/山东中教(第二批)/770/ [索取号:J419/6] | 在馆 | |
| 11 | 2001161129 | 2001161129 | 中教(第二批第二书库)/山东中教(第二批)/770/ [索取号:J419/6] | 在馆 | |
| 12 | 2001161130 | 2001161130 | 中教(第二批第二书库)/山东中教(第二批)/770/ [索取号:J419/6] | 在馆 | |
| 13 | 2001161131 | 2001161131 | 中教(第二批第二书库)/山东中教(第二批)/770/ [索取号:J419/6] | 在馆 | |
| 14 | 2001161132 | 2001161132 | 中教(第二批第二书库)/山东中教(第二批)/770/ [索取号:J419/6] | 在馆 | |
| 15 | 2001161133 | 2001161133 | 中教(第二批第二书库)/山东中教(第二批)/770/ [索取号:J419/6] | 在馆 | |
| 16 | 2001161134 | 2001161134 | 中教(第二批第二书库)/山东中教(第二批)/770/ [索取号:J419/6] | 在馆 | |
| 17 | 2001161135 | 2001161135 | 中教(第二批第二书库)/山东中教(第二批)/770/ [索取号:J419/6] | 在馆 | |
| 18 | 2001161136 | 2001161136 | 中教(第二批第二书库)/山东中教(第二批)/770/ [索取号:J419/6] | 在馆 | |
| 19 | 2001161137 | 2001161137 | 中教(第二批第二书库)/山东中教(第二批)/770/ [索取号:J419/6] | 在馆 | |
| 20 | 2001161138 | 2001161138 | 中教(第二批第二书库)/山东中教(第二批)/770/ [索取号:J419/6] | 在馆 | |
| 21 | 2001161139 | 2001161139 | 中教(第二批第二书库)/山东中教(第二批)/770/ [索取号:J419/6] | 在馆 | |
| 22 | 2001161140 | 2001161140 | 中教(第二批第二书库)/山东中教(第二批)/770/ [索取号:J419/6] | 在馆 | |
| 23 | 2001161141 | 2001161141 | 中教(第二批第二书库)/山东中教(第二批)/770/ [索取号:J419/6] | 在馆 | |
| 24 | 2001161142 | 2001161142 | 中教(第二批第二书库)/山东中教(第二批)/770/ [索取号:J419/6] | 在馆 | |
| 25 | 2001161143 | 2001161143 | 中教(第二批第二书库)/山东中教(第二批)/770/ [索取号:J419/6] | 在馆 | |
| 26 | 2001161144 | 2001161144 | 中教(第二批第二书库)/山东中教(第二批)/770/ [索取号:J419/6] | 在馆 | |
| 27 | 2001161145 | 2001161145 | 中教(第二批第二书库)/山东中教(第二批)/770/ [索取号:J419/6] | 在馆 | |
| 28 | 2001161146 | 2001161146 | 中教(第二批第二书库)/山东中教(第二批)/770/ [索取号:J419/6] | 在馆 | |
| 29 | 2001161147 | 2001161147 | 中教(第二批第二书库)/山东中教(第二批)/770/ [索取号:J419/6] | 在馆 | |
| 30 | 2001161148 | 2001161148 | 中教(第二批第二书库)/山东中教(第二批)/770/ [索取号:J419/6] | 在馆 |